000 01326nam a2200325 c 4500
003 BLK
005 20200706135126.0
008 180409b bul|||||r ||||||| ||bul||
010 _aKNG00112969000
020 _a954-9745-70-8
_bиздат.: Еднорог
040 _aBLK
041 _aBUL
_cBUL
080 _aБългарска литература
_b821.163.2
_x-054.7-312.9
_z821.163.2-054.7-312.9
100 1 _aБалин, Боряна Георгиева
_eпърви автор
_9311016
700 1 _aЦанков, Георги
_eпредг. от
_gЦанев, Георги Цанков
_9363810
139 _aБалин, Боряна Георгиева
_bБ 22
245 1 0 _aВечният конник
_bРоман
_cБоряна Георгиева Балин; предг. от Георги Цанков.
257 _aBGR
260 София
_bЕднорог
_c2004
_fСофия : Дракон
300 _a360 с.
_c20 см
380 _aX
500 _aПълното име на Г. Цанков е Георги Цанков Цанев. - Офс. изд.
653 _aфентъзи
653 _aромани
852 _aЦб 219450
856 4 _qpdf
_u
856 4 _qpdf
_u
942 _cKNG
_n0
_02
944 _aCR
_c11.05.2004
_lф /
_kЦветанка_Енчева
944 _aED
_c23.01.2017
_lф /
_kЛюдмила_Стоянова
999 _c107678
_d107678